header

Bridging a great divide : (Record no. 128926)

MARC details
000 -LEADER
fixed length control field 02609nam a2200433 i 4500
001 - CONTROL NUMBER
control field ebr10772926
003 - CONTROL NUMBER IDENTIFIER
control field CaPaEBR
006 - FIXED-LENGTH DATA ELEMENTS--ADDITIONAL MATERIAL CHARACTERISTICS--GENERAL INFORMATION
fixed length control field m o d
007 - PHYSICAL DESCRIPTION FIXED FIELD--GENERAL INFORMATION
fixed length control field cr cn|||||||||
008 - FIXED-LENGTH DATA ELEMENTS--GENERAL INFORMATION
fixed length control field 130219t20132013orua ob 001 0 eng|d
020 ## - INTERNATIONAL STANDARD BOOK NUMBER
Cancelled/invalid ISBN 9780870717161 (alk. paper)
International Standard Book Number 9780870717178 (e-book)
040 ## - CATALOGING SOURCE
Original cataloging agency CaPaEBR
Language of cataloging eng
Description conventions rda
-- pn
Transcribing agency CaPaEBR
035 ## - SYSTEM CONTROL NUMBER
System control number (OCoLC)867741927
043 ## - GEOGRAPHIC AREA CODE
Geographic area code n-us-or
-- n-us-wa
050 14 - LIBRARY OF CONGRESS CALL NUMBER
Classification number F853
Item number .D87 2013eb
082 04 - DEWEY DECIMAL CLASSIFICATION NUMBER
Classification number 979.7
Edition number 23
100 1# - MAIN ENTRY--PERSONAL NAME
Personal name Durbin, Kathie.
245 10 - TITLE STATEMENT
Title Bridging a great divide :
Remainder of title the battle for the Columbia River Gorge /
Statement of responsibility, etc Kathie Durbin.
264 #1 - PRODUCTION, PUBLICATION, DISTRIBUTION, MANUFACTURE, AND COPYRIGHT NOTICE
Place of production, publication, distribution, manufacture Corvallis :
Name of producer, publisher, distributor, manufacturer Oregon State University Press,
Date of production, publication, distribution, manufacture, or copyright notice [2013]
Date of production, publication, distribution, manufacture, or copyright notice �2013
300 ## - PHYSICAL DESCRIPTION
Extent 1 online resource (326 pages) :
Other physical details illustrations
336 ## - CONTENT TYPE
Content type term text
Source rdacontent
337 ## - MEDIA TYPE
Media type term computer
Source rdamedia
338 ## - CARRIER TYPE
Carrier type term online resource
Source rdacarrier
504 ## - BIBLIOGRAPHY, ETC. NOTE
Bibliography, etc Includes bibliographical references and index.
505 0# - FORMATTED CONTENTS NOTE
Formatted contents note Introduction: the gift in our back yard -- The vision -- Hardly wilderness -- Watchdogs -- Saving Steigerwald -- Balancing act -- The launch -- Writing the rules -- Early friction -- The too-tall house -- Fear and loathing -- Land rush -- Oregon pushback -- A pile of rocks -- Time to amend -- Great debates -- Showdown at Lyle Point -- A destination resort -- Rails to trails -- The haze curtain -- Logging loopholes -- The casino deal -- Whistling Ridge -- Restoring a legacy -- Rebuilding a historic highway -- The recreation challenge -- Cape Horn convergence -- A river unleashed -- A quarter-century -- The fight continues.
588 ## - SOURCE OF DESCRIPTION NOTE
Source of description note Description based on print version record.
590 ## - LOCAL NOTE (RLIN)
Local note Electronic reproduction. Palo Alto, Calif. : ebrary, 2013. Available via World Wide Web. Access may be limited to ebrary affiliated libraries.
650 #0 - SUBJECT ADDED ENTRY--TOPICAL TERM
Topical term or geographic name as entry element Nature conservation
Geographic subdivision Columbia River Gorge (Or. and Wash.)
Topical term or geographic name as entry element Cultural property
General subdivision Protection
Geographic subdivision Columbia River Gorge (Or. and Wash.)
651 #0 - SUBJECT ADDED ENTRY--GEOGRAPHIC NAME
Geographic name Columbia River Gorge National Scenic Area (Or. and Wash.)
General subdivision History.
Geographic name Columbia River Gorge (Or. and Wash.)
General subdivision Environmental conditions.
Geographic name Columbia River Gorge (Or. and Wash.)
General subdivision Politics and government.
655 #0 - INDEX TERM--GENRE/FORM
Genre/form data or focus term Electronic books.
776 08 - ADDITIONAL PHYSICAL FORM ENTRY
Display text Print version:
Main entry heading Durbin, Kathie.
Title Bridging a great divide : the battle for the Columbia River Gorge.
Place, publisher, and date of publication Corvallis : Oregon State University Press, [2013]
Physical description xiii, 312 pages
International Standard Book Number 9780870717161
Record control number (DLC) 2013006155
797 2# - LOCAL ADDED ENTRY--CORPORATE NAME (RLIN)
Corporate name or jurisdiction name as entry element ebrary.
856 40 - ELECTRONIC LOCATION AND ACCESS
Uniform Resource Identifier <a href="http://site.ebrary.com/lib/rucke/Doc?id=10772926">http://site.ebrary.com/lib/rucke/Doc?id=10772926</a>
Public note An electronic book accessible through the World Wide Web; click to view

No items available.

© 2026 Rongo University
Contact us: librarian | system librarian | Rongo university